000 01494nam a22001577a 4500
999 _c517073
_d517073
008 210628b ||||| |||| 00| 0 eng d
100 _aDuberstein, Carey and Charbonneau, Etienne
_926020
245 _aThe origins and effects of public servant confidence in whistleblowing protection regimes
260 _aPublic Administration
300 _a98(3), Sep, 2020: p.643-658
520 _aWe examine the various whistleblowing regimes in Canada which, across 13 provinces and territories and a single federal government, exhibits theoretically interesting variation on procedures, incentives and protections that are well positioned for comparative analysis. Drawing on a panel of Canadian public servants, we conducted a survey with both descriptive and experimental dimensions to identify and measure knowledge and confidence in the context of diverse whistleblowing regimes, and how that relates to perceptions of the legitimacy of unauthorized public disclosures. We find that confidence is high among public servants despite variation in the structure of whistleblowing regimes, is enhanced when respondents know the number of reported wrongdoings and their results, and that greater knowledge of whistleblowing protections delegitimizes unauthorized public disclosures (e.g., leaking to the media) of alleged wrongdoing. – Reproduced
650 _aWhistleblowing regimes, Canada,
_926021
773 _aPublic Administration
906 _aCIVIL SERVICE - CANADA
942 _cAR